| 000 | 01472nam a2200409 i 4500 | ||
|---|---|---|---|
| 001 | 193120 | ||
| 003 | SpMaBN | ||
| 005 | 20250825092212.0 | ||
| 007 | ta | ||
| 008 | 230821s1997 sp | ||| ||spa | ||
| 016 | 7 |
_abimoBNE19981600355 _2SpMaBN |
|
| 017 |
_aM 41717-1997 _bOficina Depósito Legal Madrid |
||
| 020 | _a8489142157 | ||
| 035 | _a(OCoLC)318220694 | ||
| 035 | _abimo0000915185 | ||
| 040 |
_aSpMaBN _bspa _cSpMaBN _erdc |
||
| 080 | _a025.85 | ||
| 100 | 1 |
_aMcCleary, John _0XX1026877 _9233979 |
|
| 245 | 1 | 3 |
_aEl cuidado de libros y documentos : _bmanual práctico para su conservación y restauración / _cJohn McCleary, Luis Crespo |
| 250 | _a1ª ed. | ||
| 260 |
_a[Madrid] : _bClan, _cD.L. 1997 |
||
| 300 |
_a174 p. : _bil. ; _c31 cm |
||
| 336 |
_2rdacontent _aTexto |
||
| 337 |
_2rdamedia _asin mediación |
||
| 338 |
_2rdacarrier _avolumen |
||
| 490 | 1 |
_aArtes y oficios del libro ; _v2 |
|
| 500 | _aCatalogación provisional. Signatura: N 8599. Depósito J. | ||
| 650 | 7 |
_aLibros- _xPreservación _2 _9147655 |
|
| 650 | 4 |
_aLibros- _xRestauración _914437 |
|
| 700 |
_aCrespo Arca, Luis _9233980 |
||
| 852 |
_aES-MaACL _9200433 _bR.128369 _jN-8599 _cDEPOJ _hDonación: Editorial _zEn proceso |
||
| 942 |
_n0 _cMONOGRAFIA |
||
| 999 |
_c193120 _d193120 |
||